000 00300nam a2200097Ia 4500
082 _aST|658.3|MEYE
245 0 _aHuman resource management : recruitment and selection
100 _a MEYER, Marius Claremont, South Africa, 2007
942 _cBK
008 210817s9999 xx 000 0 und d
999 _c166538
_d166537